000 00486nam a2200181Ia 4500
001 1990
005 20260306143809.0
008 260306t2005||||xx |||||||||||||| ||spa||
041 _aESP
082 _a158.9
_bE16
100 _aEchavarría, Martín F.
_eAUT
245 0 _aLa Praxis de la psicología y sus niveles epistemológicos según Santo Tomás de Aquino
260 _c2005
300 _a858 páginas :
_c30 cm.
650 _aGEN
654 _aCPS
942 _cLIB
_dJUS
_fJUS
_2ddc
_n
999 _c1990
_d1990